| 000 | 00950nam a22003257a 4500 | ||
|---|---|---|---|
| 001 | 0067323 | ||
| 003 | KOHA_MİRAKIL | ||
| 005 | 20260207004714.0 | ||
| 007 | ta | ||
| 008 | 220614b2007 tu |||gr||||#0|||1|eng | | ||
| 020 | _a0321397231 | ||
| 020 |
_a _a 9780321397232 |
||
| 040 |
_aTR-BiSEU _btur _cTR-BiSEU _erda |
||
| 041 | 0 | _aeng | |
| 044 | _ctu | ||
| 050 |
_aPE1408 _b.K69 2007 |
||
| 100 | 1 | _aKolln, Martha. | |
| 245 | 1 |
_aRhetorical grammar : _bgrammatical choices, rhetorical effects/ _cMartha Kolln ; Martha Kolln. |
|
| 250 | _a5th edition | ||
| 264 | 1 |
_aNew York : _bPearson Education _c2007 |
|
| 300 |
_aXI, 260 pages ; _c23 cm. |
||
| 336 |
_ametin _btxt _2rdacontent |
||
| 337 |
_aaracısız _bn _2rdamedia |
||
| 338 |
_acilt _bnc _2rdacarrier |
||
| 500 | _aIncludes index. | ||
| 650 | 0 |
_aEnglish language--Rhetoric. _911409 |
|
| 650 | 0 |
_aEnglish language--Grammar. _93478 |
|
| 907 | _aDil ve Edebiyat | ||
| 942 |
_2lcc _cBK |
||
| 999 |
_c67874 _d67874 |
||